|
|
|
|
| LEADER |
00000nab a2200000 ar4500 |
| 001 |
vtls008303860 |
| 003 |
SK-MaSNL |
| 005 |
20260304040542.0 |
| 008 |
051019c2005 xo wr|p|||||||000 b|slo |
| 015 |
|
|
|a SNBRB2005/10
|2 snkbucl
|
| 040 |
|
|
|a SNKBUCL
|b slo
|c SNKBUCL
|e AACR2
|
| 041 |
0 |
|
|a slo
|
| 044 |
|
|
|a xo
|c SK
|
| 080 |
|
|
|a 323
|x (437.1/.2)
|2 UDC-MRF-SK2
|
| 080 |
|
|
|a 329
|x (437.1/.2)
|2 UDC-MRF-SK2
|
| 100 |
1 |
|
|a Gabaľ, Peter
|4 aut
|9 953599
|
| 245 |
1 |
0 |
|a Český premiér s komunistami a Ficom
|c Peter Gabaľ
|
| 300 |
|
|
|b Fotogr.
|
| 650 |
0 |
7 |
|a politická scéna
|2 snkbucl
|9 1054547
|
| 650 |
0 |
7 |
|a vnútorná politika
|2 snkbucl
|9 970
|
| 650 |
0 |
7 |
|a politické strany
|2 snkbucl
|9 3589
|
| 651 |
|
7 |
|a Česko
|2 snkbucl
|9 16753
|
| 773 |
0 |
|
|t Domino fórum
|g Roč. XIV, č. 40 (2005), s. 5
|x 1335-4426
|
| 852 |
|
|
|a SNK
|b KIS3GCP
|
| 958 |
|
|
|a CZ
|
| 999 |
|
|
|c 2663852
|d 2665782
|